| 000 | 00865nam a2200253 a 4500 | ||
|---|---|---|---|
| 001 | 000042775 | ||
| 003 | DO-SdBNP | ||
| 005 | 20250206132300.0 | ||
| 008 | 140207s2009 dr r 000 j spa d | ||
| 020 | _a9789945427608 | ||
| 040 |
_aDO-SdBNP _bspa _cBNPHU |
||
| 082 |
_aRD863.44 _bG861a |
||
| 100 | 1 |
_aGrimaldi Silié, Eleanor, _d1948- _985713 |
|
| 245 | 1 | 0 |
_aAntología de cuentos infantiles / _cEleanor Grimaldi Silié. |
| 260 |
_aSanto Domingo : _bSecretaría de Estado de Cultura, _c2009. |
||
| 300 |
_a146 p. ; _c23 cm. |
||
| 500 | _aIncluye datos biografícos del autor en las solapas | ||
| 590 | _aInventariado, 2019/BT | ||
| 650 | 0 |
_aCuentos dominicanos _9176 |
|
| 650 | 0 |
_aLiteratura dominicana. _967 |
|
| 710 | 1 |
_aRepública Dominicana. _bSecretaría de Estado de Cultura. _96453 |
|
| 910 | _aValidado. Control de calidad MFF | ||
| 942 |
_2ddc _cLBS1 |
||
| 999 |
_c42264 _d42264 |
||